000 00565nam a2200181 i 4500
001 106966
003 ES-MaACL
005 20231223063056.0
008 061121s1942 mx a |||| | spa d
100 1 _aMoreno Villa, José,
_d1887-1955
_983443
245 1 3 _aLa escultura colonial mexicana /
_cJosé Moreno Villa.
250 _a1ª ed.
260 _aMéxico :
_bFondo de Cultura Económica,
_c1942.
300 _a110 p. :
_bil. ;
_c24 cm.
650 4 _aEscultura colonial-
_zMéxico.
_9170876
852 _aES-MaACL
_jB-13379
999 _c106966
_d106966